Teacher's guide for student relationships. (Record no. 12480)

000 -LEADER
fixed length control field 00558nam a2200181 a 4500
001 - CONTROL NUMBER
control field :::00010282$&:&@@
003 - CONTROL NUMBER IDENTIFIER
control field OkBaRHE
005 - DATE AND TIME OF LATEST TRANSACTION
control field 20000607103357.0
008 - FIXED-LENGTH DATA ELEMENTS--GENERAL INFORMATION
fixed length control field s1981 j 000 0 eng u
040 ## - CATALOGING SOURCE
Transcribing agency
100 1# - MAIN ENTRY--PERSONAL NAME
Personal name McAllister, Dawson.
245 10 - TITLE STATEMENT
Title Teacher's guide for student relationships.
260 ## - PUBLICATION, DISTRIBUTION, ETC. (IMPRINT)
Place of publication, distribution, etc Dallas, TX., :
Name of publisher, distributor, etc Roper Press, Inc.
Date of publication, distribution, etc c1981
300 ## - PHYSICAL DESCRIPTION
Extent 118 p. ;
Dimensions 28 cm.
650 ## - SUBJECT ADDED ENTRY--TOPICAL TERM
Topical term or geographic name as entry element Church Work with Youth
942 ## - ADDED ENTRY ELEMENTS (KOHA)
Source of classification or shelving scheme
Koha item type Books
Copies
Date last seen Source of classification or shelving scheme Withdrawn status Lost status Damaged status Shelving location Copy number Full call number Barcode Date acquired Permanent Location Koha item type Price effective from Not for loan
2010-04-14    General Stacks1BV 4447 .M35102822010-04-14RHEMA Bible Training CollegeBooks2010-04-14